<?xml version="1.0" encoding="UTF-8"?>
<record
    xmlns:xsi="http://www.w3.org/2001/XMLSchema-instance"
    xsi:schemaLocation="http://www.loc.gov/MARC21/slim http://www.loc.gov/standards/marcxml/schema/MARC21slim.xsd"
    xmlns="http://www.loc.gov/MARC21/slim">

  <leader>01484nam a2200421 a 4500</leader>
  <datafield tag="999" ind1=" " ind2=" ">
    <subfield code="c">23286</subfield>
    <subfield code="d">23286</subfield>
  </datafield>
  <controlfield tag="001">000637985</controlfield>
  <controlfield tag="005">20220808082342.0</controlfield>
  <controlfield tag="007">ta</controlfield>
  <controlfield tag="008">021125s2002    xr     g          f cze d</controlfield>
  <datafield tag="020" ind1=" " ind2=" ">
    <subfield code="a">8024206102</subfield>
    <subfield code="q">(Euromedia Group - Kni&#x17E;n&#xED; klub ; v&#xE1;z.)</subfield>
  </datafield>
  <datafield tag="020" ind1=" " ind2=" ">
    <subfield code="a">8072144693</subfield>
    <subfield code="q">(Baronet ; v&#xE1;z.)</subfield>
  </datafield>
  <datafield tag="035" ind1=" " ind2=" ">
    <subfield code="a">(OCoLC)85032575</subfield>
  </datafield>
  <datafield tag="040" ind1=" " ind2=" ">
    <subfield code="a">BOA001</subfield>
    <subfield code="b">cze</subfield>
    <subfield code="c">BOA001</subfield>
  </datafield>
  <datafield tag="041" ind1="1" ind2=" ">
    <subfield code="a">cze</subfield>
    <subfield code="h">eng</subfield>
  </datafield>
  <datafield tag="072" ind1=" " ind2="7">
    <subfield code="a">821.111-3</subfield>
    <subfield code="x">Anglick&#xE1; pr&#xF3;za, anglicky psan&#xE1;</subfield>
    <subfield code="2">Konspekt</subfield>
  </datafield>
  <datafield tag="080" ind1=" " ind2=" ">
    <subfield code="a">821.111-31</subfield>
    <subfield code="2">MRF</subfield>
  </datafield>
  <datafield tag="080" ind1=" " ind2=" ">
    <subfield code="a">355.318</subfield>
    <subfield code="2">MRF</subfield>
  </datafield>
  <datafield tag="080" ind1=" " ind2=" ">
    <subfield code="a">355.48(477)</subfield>
    <subfield code="2">MRF</subfield>
  </datafield>
  <datafield tag="080" ind1=" " ind2=" ">
    <subfield code="a">94(100)"1939/1945"</subfield>
    <subfield code="2">MRF</subfield>
  </datafield>
  <datafield tag="080" ind1=" " ind2=" ">
    <subfield code="a">94(477)</subfield>
    <subfield code="2">MRF</subfield>
  </datafield>
  <datafield tag="080" ind1=" " ind2=" ">
    <subfield code="a">(0:82-311.6)</subfield>
    <subfield code="2">MRF</subfield>
  </datafield>
  <datafield tag="100" ind1="1" ind2=" ">
    <subfield code="a">Kessler, Leo,</subfield>
    <subfield code="d">1926-2007</subfield>
    <subfield code="4">aut</subfield>
    <subfield code="9">3254</subfield>
  </datafield>
  <datafield tag="245" ind1="1" ind2="0">
    <subfield code="a">Charkov: Pochod smrti :</subfield>
    <subfield code="b">z historie pluku SS Wotan /</subfield>
    <subfield code="c">Leo Kessler ; [p&#x159;elo&#x17E;il Bohumil Neumann]</subfield>
  </datafield>
  <datafield tag="246" ind1="3" ind2="3">
    <subfield code="a">Pochod smrti</subfield>
  </datafield>
  <datafield tag="250" ind1=" " ind2=" ">
    <subfield code="a">Vyd. 1.</subfield>
  </datafield>
  <datafield tag="260" ind1=" " ind2=" ">
    <subfield code="a">Praha :</subfield>
    <subfield code="b">Baronet,</subfield>
    <subfield code="c">2002</subfield>
  </datafield>
  <datafield tag="300" ind1=" " ind2=" ">
    <subfield code="a">246 s. ;</subfield>
    <subfield code="c">21 cm</subfield>
  </datafield>
  <datafield tag="500" ind1=" " ind2=" ">
    <subfield code="a">Vyd&#xE1;no ve spolupr&#xE1;ci s Kni&#x17E;n&#xED;m klubem</subfield>
  </datafield>
  <datafield tag="610" ind1="2" ind2="7">
    <subfield code="a">Waffen-SS</subfield>
    <subfield code="2">czenas</subfield>
    <subfield code="9">3255</subfield>
  </datafield>
  <datafield tag="650" ind1="0" ind2="7">
    <subfield code="a">speci&#xE1;ln&#xED; jednotky (vojenstv&#xED;)</subfield>
    <subfield code="z">N&#x11B;mecko</subfield>
    <subfield code="2">czenas</subfield>
    <subfield code="9">3256</subfield>
  </datafield>
  <datafield tag="650" ind1="0" ind2="7">
    <subfield code="a">Charkov, bitva, 1942</subfield>
    <subfield code="2">czenas</subfield>
    <subfield code="9">3257</subfield>
  </datafield>
  <datafield tag="650" ind1="0" ind2="7">
    <subfield code="a">druh&#xE1; sv&#x11B;tov&#xE1; v&#xE1;lka, 1939-1945</subfield>
    <subfield code="z">Ukrajina</subfield>
    <subfield code="2">czenas</subfield>
    <subfield code="9">3258</subfield>
  </datafield>
  <datafield tag="651" ind1=" " ind2="7">
    <subfield code="a">Charkov (Ukrajina)</subfield>
    <subfield code="x">d&#x11B;jiny</subfield>
    <subfield code="y">1942</subfield>
    <subfield code="2">czenas</subfield>
    <subfield code="9">3259</subfield>
  </datafield>
  <datafield tag="655" ind1=" " ind2="7">
    <subfield code="a">anglick&#xE9; rom&#xE1;ny</subfield>
    <subfield code="2">czenas</subfield>
    <subfield code="9">8</subfield>
  </datafield>
  <datafield tag="655" ind1=" " ind2="7">
    <subfield code="a">v&#xE1;le&#x10D;n&#xE9; rom&#xE1;ny</subfield>
    <subfield code="2">czenas</subfield>
    <subfield code="9">3260</subfield>
  </datafield>
  <datafield tag="700" ind1="1" ind2=" ">
    <subfield code="a">Neumann, Bohumil,</subfield>
    <subfield code="d">1930-2010</subfield>
    <subfield code="4">trl</subfield>
    <subfield code="9">3261</subfield>
  </datafield>
  <datafield tag="765" ind1="0" ind2=" ">
    <subfield code="t">March of death</subfield>
  </datafield>
  <datafield tag="952" ind1=" " ind2=" ">
    <subfield code="0">0</subfield>
    <subfield code="1">0</subfield>
    <subfield code="2">udc</subfield>
    <subfield code="4">0</subfield>
    <subfield code="7">0</subfield>
    <subfield code="8">K</subfield>
    <subfield code="a">10000</subfield>
    <subfield code="b">10000</subfield>
    <subfield code="d">2022-07-07</subfield>
    <subfield code="i">21619</subfield>
    <subfield code="l">1</subfield>
    <subfield code="o">B10486</subfield>
    <subfield code="p">B10486</subfield>
    <subfield code="r">2024-06-24</subfield>
    <subfield code="s">2024-06-07</subfield>
    <subfield code="w">2022-08-08</subfield>
    <subfield code="y">KLDO</subfield>
  </datafield>
</record>
